000 01210cam a22002891 4500
001 pa 65000113
003 DLC
005 20260227111856.0
008 750815s1964 xx 000 0 spa
010 _apa 65000113
035 _a(OCoLC)1549261
040 _aDLC
_cFU
_dDLC
042 _apremarc
043 _acl-----
_anc-----
_as------
050 0 0 _aHD3450.5.A6
_bA16
110 2 _aPan American Union.
_bDepartment of Social Affairs.
245 1 4 _aLas cooperativas como método de desarrollo de regiones y comunidades.
260 _aWashington,
_bUnión Panamericana,
_c1964.
300 _aiii, 107 p.
_c21cm.
490 1 _aIts Estudios y monografías,
_v14
505 0 _aCooperativas de vivienda José Cardijn de Chile, por A. Rossi.--2. Cooperativa agrícola de Cotia, do Brasil, por H. Saito.--3. Cooperativa de producción agrícola industrial, Victoria R. L., de Costa Rica, por R. Ruíz y A, Vega.
650 0 _aHousing, Cooperative
_zChile.
650 0 _aAgriculture, Cooperative
_zBrazil.
650 0 _aAgriculture, Cooperative
_zCosta Rica.
650 0 _aCooperative societies
_zLatin America.
810 2 _aPan American Union.
_bDepartment of Social Affairs.
_tEstudios y monografías,
_v14.
999 _c51569
_d51569